[Event "GRE-ch U12"]
[Site "Rio Achaia"]
[Date "2018.07.07"]
[Round "7"]
[White "Fragkos, Vasileios"]
[Black "Paraskakis, Filippos"]
[Result "0-1"]
[WhiteElo "1774"]
[BlackElo "1344"]
[PlyCount "116"]
[EventDate "2018.07.03"]
[EventType "swiss"]
[EventRounds "9"]
[EventCountry "GRE"]
[SourceTitle "EXT 2019"]
[Source "ChessBase"]
[SourceDate "2018.10.10"]
[SourceVersion "1"]
[SourceVersionDate "2018.10.10"]
[SourceQuality "1"]

1. e4 c5 2. Nf3 Nc6 3. d4 cxd4 4. Nxd4 e5 5. Nb5 d6 6. c4 Be7 7. Be2 a6 8. N5c3 f5 9. Bd3 f4 10. g3 fxg3 11. hxg3 Nf6 12. Nd5 0-0 13. Nxf6+ Rxf6 14. Qh5 h6 15. Nc3 Be6 16. Nd5 Bxd5 17. exd5 Nd4 18. Be4 Qe8 19. Qxe8+ Rxe8 20. Be3 Bd8 21. Kd2 Bb6 22. Kd3 Bc5 23. Rhf1 Nf5 24. Bxc5 dxc5 25. Bxf5 Rxf5 26. Ke4 g6 27. Rad1 Kf7 28. Rd3 Rg5 29. Rb3 Rg4+ 30. Kd3 Rd4+ 31. Kc3 Rb8 32. Rb6 e4 33. Re1 Rd3+ 34. Kc2 Rf3 35. Re2 h5 36. Re6 Re8 37. Rxe8 Kxe8 38. Rxe4+ Kd7 39. Re2 g5 40. Kd1 h4 41. gxh4 gxh4 42. Ke1 b5 43. Re4 h3 44. cxb5 axb5 45. Ke2 Rf5 46. Rh4 Re5+ 47. Kf1 Rxd5 48. Rxh3 Rd2 49. Rb3 Kc6 50. Kg2 b4 51. a3 Kb5 52. axb4 c4 53. Rc3 Rxb2 54. Kf1 Kxb4 55. Rc1 Kb3 56. Ke1 c3 57. Rd1 Kc2 58. Rd7 Kb1 0-1

[Event "GRE-ch U12"]
[Site "Rio Achaia"]
[Date "2018.07.04"]
[Round "2"]
[White "Makridis, Dimitrios"]
[Black "Paraskakis, Filippos"]
[Result "1-0"]
[WhiteElo "1565"]
[BlackElo "1344"]
[PlyCount "65"]
[EventDate "2018.07.03"]
[EventType "swiss"]
[EventRounds "9"]
[EventCountry "GRE"]
[SourceTitle "EXT 2019"]
[Source "ChessBase"]
[SourceDate "2018.10.10"]
[SourceVersion "1"]
[SourceVersionDate "2018.10.10"]
[SourceQuality "1"]

1. e4 c5 2. Nc3 d6 3. f4 g6 4. Nf3 Bg7 5. Bb5+ Bd7 6. Bc4 Nc6 7. 0-0 Nf6 8. e5 Nh5 9. Ng5 d5 10. Bxd5 e6 11. Bxc6 Bxc6 12. d3 Bh6 13. Nge4 0-0 14. Qf3 f5 15. exf6 Nxf6 16. Qh3 Nxe4 17. Nxe4 Bxe4 18. Qxe6+ Rf7 19. dxe4 Qf8 20. f5 g5 21. e5 Re8 22. Qd5 Rd8 23. Qb3 Kh8 24. f6 Rc7 25. e6 c4 26. Qh3 Rd6 27. e7 Qf7 28. Qxh6 Rc8 29. Bxg5 Rg8 30. Rae1 Rc6 31. e8Q Rxe8 32. Rxe8+ Qxe8 33. Qg7# 1-0

[Event "GRE-ch U10"]
[Site "Achaia"]
[Date "2017.07.02"]
[Round "9"]
[White "Aslanidis, Thiseas"]
[Black "Paraskakis, Filippos"]
[Result "1/2-1/2"]
[WhiteElo "1188"]
[BlackElo "1072"]
[PlyCount "40"]
[EventDate "2017.06.26"]
[EventType "swiss"]
[EventRounds "9"]
[EventCountry "GRE"]
[SourceTitle "EXT 2018"]
[Source "ChessBase"]
[SourceDate "2017.10.13"]
[SourceVersion "1"]
[SourceVersionDate "2017.10.13"]
[SourceQuality "1"]

1. d4 d5 2. c4 e6 3. Nc3 Nf6 4. cxd5 exd5 5. Bf4 Bb4 6. e3 0-0 7. Bd3 Nc6 8. Nge2 Re8 9. 0-0 Bg4 10. Qb3 Rb8 11. Rac1 Bd6 12. Bxd6 Qxd6 13. Nf4 Be6 14. Na4 Ng4 15. g3 g5 16. Nxe6 Rxe6 17. Bf5 Re4 18. Bxg4 Rxg4 19. f3 Rxg3+ 20. hxg3 Qxg3+ 1/2-1/2

[Event "GRE-ch U08"]
[Site "Rio Achaia"]
[Date "2015.06.27"]
[Round "3.2"]
[White "Mitsis, Georgios"]
[Black "Paraskakis, Filippos"]
[Result "1-0"]
[WhiteElo "1094"]
[BlackElo "1115"]
[PlyCount "85"]
[EventDate "2015.06.26"]
[EventType "swiss"]
[EventRounds "9"]
[EventCountry "GRE"]
[SourceTitle "EXT 2024"]
[Source "ChessBase"]
[SourceDate "2023.10.10"]
[SourceVersion "1"]
[SourceVersionDate "2023.10.10"]
[SourceQuality "1"]

1. e4 e6 2. Nf3 d5 3. exd5 exd5 4. Nc3 Bc5 5. d4 Be7 6. Bf4 Nc6 7. Nb5 Bd6 8. Bxd6 cxd6 9. Nc3 Nge7 10. Bd3 Bg4 11. Be2 Bf5 12. 0-0 0-0 13. Re1 Re8 14. Bb5 a6 15. Bxc6 bxc6 16. Re3 c5 17. Qe2 Ra7 18. Re1 Bg4 19. Nxd5 Be6 20. Nxe7+ Rexe7 21. d5 f6 22. Rxe6 Rxe6 23. Qxe6+ Kf8 24. Nh4 g6 25. Re3 f5 26. Rh3 Kg7 27. Qe3 Re7 28. Qc3+ Re5 29. Nf3 Qf6 30. Nxe5 dxe5 31. Qxc5 Qg5 32. Qe3 f4 33. Qa7+ Kf6 34. Qxa6+ Kf5 35. Qd3+ e4 36. Qb5 Kf6 37. Qc6+ Ke5 38. Qe6+ Kd4 39. d6 f3 40. c3+ Kc5 41. b4+ Kb5 42. a4+ Kxa4 43. Qa2+ 1-0